| 000 | 00534nam a2200217Ia 4500 | ||
|---|---|---|---|
| 008 | 160803s9999 xx 000 0 und d | ||
| 020 | _a9780531233573 | ||
| 100 | _aMarisco, Kate | ||
| 245 | _aGeckos / | ||
| 245 | _cBy Katie Marsico. | ||
| 260 | _aNew York : | ||
| 260 | _bScholastic Inc. | ||
| 260 | _c2014 | ||
| 300 | _a48 pages : | ||
| 300 | _bcolor illustrations, color map ; | ||
| 300 | _c22 cm. | ||
| 500 | _aArbitrarily numbered. | ||
| 650 | _aGeckos -- | ||
| 650 | _xJuvenile literature. | ||
| 700 | _a1010 | ||
| 999 |
_c299708 _d299708 |
||